Đánh thức con rồng ngủ quên kinh tế Việt Nam đi vào thế kỉ 21

Sparad:
Bibliografiska uppgifter
Huvudupphovsman: Đánh thức con rồng ngủ quên kinh tế Việt Nam đi vào thế kỉ 21
Materialtyp: Bok
Språk:Undetermined
Publicerad: Tp. HCM Nxb. Tp. HCM 2001
Ämnen:
Taggar: Lägg till en tagg
Inga taggar, Lägg till första taggen!
Thư viện lưu trữ: Trung tâm Học liệu Trường Đại học Cần Thơ
LEADER 00707nam a2200169Ia 4500
001 CTU_43327
008 210402s9999 xx 000 0 und d
082 |a 338.9597 
082 |b Đ107 
100 |a Đánh thức con rồng ngủ quên kinh tế Việt Nam đi vào thế kỉ 21 
245 0 |a Đánh thức con rồng ngủ quên kinh tế Việt Nam đi vào thế kỉ 21 
245 0 |c Đánh thức con rồng ngủ quên kinh tế Việt Nam đi vào thế kỉ 21, Lê Khánh Trường 
260 |a Tp. HCM 
260 |b Nxb. Tp. HCM 
260 |c 2001 
650 |a vietnam - economic condition 
980 |a Trung tâm Học liệu Trường Đại học Cần Thơ